Catalog

Record Details

Catalog Search



Texas guns Cover Image Large Print Book Large Print Book

Texas guns [large print] / Ray Hogan.

Hogan, Ray, 1908- (Author).

Record details

  • ISBN: 0786205288
  • Physical Description: 237 pages (large print) ; 23 cm.
  • Edition: [Large print edition]
  • Publisher: Thorndike, Me. : Thorndike Press, [1995], c1969.
Subject: Large type books.
Genre: Western stories.

LDR 00761cam a2200241 a 4500
001124603
003CONS
00520140703073302.0
008950609r19951969meu d 000 1 eng
010 . ‡a 95030742
020 . ‡a0786205288
035 . ‡a(CPomAG)LMN488744
05010. ‡aPS3558.O3473 ‡bT49 1995
08200. ‡a813/.54 ‡220
1001 . ‡aHogan, Ray, ‡d1908-
24510. ‡aTexas guns ‡h[large print] / ‡cRay Hogan.
250 . ‡a[Large print edition]
260 . ‡aThorndike, Me. : ‡bThorndike Press, ‡c[1995], c1969.
300 . ‡a237 pages (large print) ; ‡c23 cm.
655 7. ‡aWestern stories. ‡2gsafd
650 0. ‡aLarge type books.
959 . ‡i32269000615875 ‡lF Hog ‡aAdult - Fiction ‡tFiction ‡g3.25
852 . ‡p32269000615875 ‡jF Hog ‡gAdult - Fiction ‡cFiction ‡y3.25 ‡bSBPL
901 . ‡a124603 ‡bUnknown ‡c124603 ‡tbiblio

Additional Resources